Extension of the food for peace program : hearings, Ninety-third Congress, first session. April 4 and 5, 1973.

Bibliographic Details
Corporate Authors: United States. Congress. House. Committee on Agriculture, ProQuest (Firm)
Format: Government Document eBook
Language:English
Published: Washington : U.S. Govt. Print. Off, 1973.
Series:U.S. Congressional Hearings.
Subjects:
Online Access:Connect to the full text of this electronic book

MARC

Tag First Indicator Second Indicator Subfields
LEADER 00000cam a22000001a 4500
001 in00003200113
006 m d f
007 cr bn mmmapmmp
008 090922s1973 dcu o f000 0 eng d
005 20260604210208.9
035 |a cis2007437499 
040 |a UMI  |c UMI  |d UtOrBLW 
043 |a n-us--- 
086 0 |a Y 4.Ag 8/1:F 73/28 
099 |a HRG-1973-HAG-0029 
110 1 |a United States.  |b Congress.  |b House.  |b Committee on Agriculture. 
245 1 0 |a Extension of the food for peace program :  |b hearings, Ninety-third Congress, first session. April 4 and 5, 1973. 
264 1 |a Washington :  |b U.S. Govt. Print. Off,  |c 1973. 
300 |a 1 online resource. 
336 |a text  |b txt  |2 rdacontent 
337 |a computer  |b c  |2 rdamedia 
338 |a online resource  |b cr  |2 rdacarrier 
500 |a Record is based on bibliographic data in ProQuest Congressional Hearings Digital Collection. Reuse except for individual research requires license from ProQuest, LLC. 
538 |a System requirements: PDF reader software. 
500 |a Electronic resource. 
650 0 |a Surplus agricultural commodities, American. 
650 0 |a Food relief, American. 
655 7 |a Electronic books.  |2 local 
710 2 |a ProQuest (Firm) 
776 0 8 |i Print version:  |a United States. Congress. House. Committee on Agriculture.  |t Extension of the food for peace program  |w (DLC)73602471 
776 0 8 |i Microfiche version:  |a United States. Congress. House. Committee on Agriculture.  |t Extension of the food for peace program.  |d [Bethesda, Md.] : ProQuest,[2004]  |o CIS 73 H161-14  |w (ProQuest)cis07300014 
830 0 |a U.S. Congressional Hearings. 
856 4 0 |u http://proxy.library.tamu.edu/login?url=https://congressional.proquest.com/congcomp/getdoc?HEARING-ID=HRG-1973-HAG-0029  |z Connect to the full text of this electronic book  |t 0 
998 |a cis07300014 
999 |a MARS 
999 f f |s 3bb6d225-fbdb-356a-9d18-81b5ad8c94c7  |i fec0938d-3c5e-3de3-ab71-12e1685826a0  |t 0 
952 f f |a Texas A&M University  |b College Station  |c Electronic Resources  |s www_evans  |d Available Online  |t 0  |e HRG-1973-HAG-0029  |h Other scheme 
998 f f |a HRG-1973-HAG-0029  |t 0  |l Available Online